000 01084nam0a22002891 4500
001 rc\1699039
005 20260406130552.0
035 _a(NLR Aleph) 005288014
090 _a6162475
_c6162475
100 _a20061002d1898 |||y0rusy50 ca
101 1 _arus
_ceng
102 _aRU
105 _ay z |||c|
200 1 _a"Современная наука"
_eКрит. очерк
_fЭ. Карпентер
_gПер. гр. Л.Н. Толстого
210 _aМосква
_cМ.В. Клюкин
_d1898
215 _a52, [1] с.
_d17
532 1 3 _aСовременная наука
700 1 _8rus
_7ca
_aКарпентер
_bЭ.
_cписатель, философ
_f1844-1929
_gЭдуард
_3RU\NLR\AUTH\7779887
_962815
702 1 _4730
_8rus
_7ca
_aТолстой
_bЛ. Н.
_f1828-1910
_gЛев Николаевич
_3RU\NLR\AUTH\771515
_9111537
801 0 _aRU
_bNLR
_c20061002
_gpsbo
801 0 _aRU
_bRuMoRGB
_c20061002
_2psbo
801 1 _aRU
_bProSoft-M
_c20061002
_2rusmarc
801 2 _aRU
_bNLR
_c20130702
_2rusmarc
852 _aNLR
_j20.99.5.301
942 _cBOOK
980 _aNB